Analýza asociácie medzi ordinálnymi premennými v štatistických prieskumoch
Možnosti analýzy asociácie medzi dvoma ordinálnymi premennými. Boli definované dva typy asociácie medzi dvoma premennými – pozitívna a negatívna a tiež zhodné a nezhodné dvojice pozorovaní. Na základe počtu zhodných a nezhodných počtov pozorovaní možno formulovať napríklad charakteristiku asociácie...
Salvato in:
| Autore principale: | |
|---|---|
| Altri autori: | |
| Natura: | Capitolo di libro |
| Lingua: | slovacco |
| Soggetti: | |
| Tags: |
Nessun Tag, puoi essere il primo ad aggiungerne!!
|
MARC
| LEADER | 00000naa a2200000 4500 | ||
|---|---|---|---|
| 001 | 0199695 | ||
| 005 | 20240502073400.9 | ||
| 041 | 0 | |a slo | |
| 044 | |a SK | ||
| 245 | 1 | 0 | |a Analýza asociácie medzi ordinálnymi premennými v štatistických prieskumoch |c Milan Terek, Peter Kročitý |
| 520 | |a Možnosti analýzy asociácie medzi dvoma ordinálnymi premennými. Boli definované dva typy asociácie medzi dvoma premennými – pozitívna a negatívna a tiež zhodné a nezhodné dvojice pozorovaní. Na základe počtu zhodných a nezhodných počtov pozorovaní možno formulovať napríklad charakteristiku asociácie gama. | ||
| 610 | 2 | 0 | |a prieskum štatistický |
| 610 | 2 | 0 | |a analýza štatistická |
| 610 | 2 | 0 | |a testovanie hypotéz |
| 610 | 2 | 0 | |a tabuľky štatistické |
| 100 | 1 | |a Terek, Milan | |
| 700 | 1 | |a Kročitý, Peter | |